Statistiche per Riconosci il Pokémon - Quiz n°1

Clicka qui per fare il quiz!

Statistiche generali

  • Questo quiz è stato fatto 12 volte
  • Il punteggio medio è 8 su 10

Statistiche sulle risposte

IndizioRisposta% Corretto
GenerazioneSeconda
100%
Stadio evoluzioneSeconda evoluzione
100%
AbilitàClorofilla; Curacuore
90%
TipoErba
90%
Sesso50% ♂, 50% ♀
80%
Tasso di cattura45 (11.9%)
70%
Peso5,8 kg
70%
Altezza
0,4 m
70%
Tasso di allevamentoMedio-Lento
60%
PokémonBellossom
20%

Distribuzione punteggi

Percentile per numero di risposta

Percentuale di utenti per punteggio

I tuoi punteggi nel tempo

Non hai fatto questo quiz